000 00457nam a2200181Ia 4500
008 230524s9999 xx 000 0 und d
020 _a9780198084563
082 _a5.133
_bDEY
100 _aPradip Dey
245 0 _a"""Computer Fundamentals and Programming in C"""
250 _a2
260 _aNew Delhi
_bOxford
_c2013
300 _a"XV,425p:"
500 _aQuantity Number: 1
650 _aComp-Sc
700 _aManas Ghose
_941974
942 _cBK
999 _c56388
_d56388